OPAC Home

ලක්දිව බෞද්ධ සෞන්දර්ය කලාව (Record no. 80193)

MARC details
000 -LEADER
fixed length control field 00510nam a2200169Ia 4500
003 - CONTROL NUMBER IDENTIFIER
control field LK-CoDNM
008 - FIXED-LENGTH DATA ELEMENTS--GENERAL INFORMATION
fixed length control field 140723t2017 xxu||||| |||| 00| 1 sin d
020 ## - INTERNATIONAL STANDARD BOOK NUMBER
International Standard Book Number
-- 9789555415217
040 ## - CATALOGING SOURCE
Original cataloging agency LK-CoDNM
Modifying agency LK-CoDNM
Description conventions LK-CoDNM
041 ## - LANGUAGE CODE
Language code of text/sound track or separate title Sinhala; Sinhalese
080 ## - UNIVERSAL DECIMAL CLASSIFICATION NUMBER
Universal Decimal Classification number 745
Item number GUN
942 ## - ADDED ENTRY ELEMENTS (KOHA)
Koha item type Books
100 ## - MAIN ENTRY--PERSONAL NAME
Personal name ගුණසිංහ, ආනන්ද
Personal name (Transliterated) Gunasinghe,Ananda
245 ## - TITLE STATEMENT
Title ලක්දිව බෞද්ධ සෞන්දර්ය කලාව
246 ## - VARYING FORM OF TITLE
Title proper/short title Lakdiwa Baudda Saundarya Kalawa
260 ## - PUBLICATION, DISTRIBUTION, ETC. (IMPRINT)
Name of publisher, distributor, etc. Author
Date of publication, distribution, etc. 2017
Holdings
Withdrawn status Lost status Damaged status Not for loan Collection code Permanent Location Current Location Date acquired Cost, normal purchase price Full call number Barcode Koha item type
        Monographs Library National Museum Colombo - Sri Lanka Library National Museum Colombo - Sri Lanka 2023-07-16 400.00 745 GUN 168158 Books
Copyright © 2023 Department of National Museum, Colombo 07, Sri Lanka Funded by UNESCO IFAP UNESCO